[Event "ESK-Schach Blitzturnier"]
[Site "T#645833ESK-Schach"]
[Date "2020.05.08"]
[Round "7"]
[White "Invictus88"]
[Black "MateoW"]
[Result "1-0"]
[WhiteElo "2408"]
[BlackElo "1307"]
[PlyCount "77"]
[EventDate "2020.05.08"]
[EventType "tourn (blitz)"]

1. d4 {[%emt 0:00:02]} Nf6 {[%emt 0:00:03]} 2. Nf3 {[%emt 0:00:00]} g6 {[%emt
0:00:01]} 3. Bg5 {[%emt 0:00:02]} Bg7 {[%emt 0:00:01]} 4. Nbd2 {[%emt 0:00:02]}
O-O {[%emt 0:00:03]} 5. e4 {[%emt 0:00:01]} e6 {[%emt 0:00:01]} 6. e5 {[%emt 0:
00:02]} h6 {[%emt 0:00:03]} 7. Bxf6 {[%emt 0:00:03]} Bxf6 {[%emt 0:00:03]} 8.
exf6 {[%emt 0:00:01]} Qxf6 {[%emt 0:00:00]} 9. Bd3 {[%emt 0:00:02]} Nc6 {[%emt
0:00:13]} 10. c3 {[%emt 0:00:03]} d6 {[%emt 0:00:07]} 11. O-O {[%emt 0:00:07]}
e5 {[%emt 0:00:01]} 12. dxe5 {[%emt 0:00:02]} Nxe5 {[%emt 0:00:00]} 13. Nxe5 {
[%emt 0:00:02]} dxe5 {[%emt 0:00:04]} 14. Qe2 {[%emt 0:00:08]} Re8 {[%emt 0:00:
04]} 15. f4 {[%emt 0:00:06]} Bf5 {[%emt 0:00:11]} 16. Bxf5 {[%emt 0:00:12]}
Qxf5 {[%emt 0:00:03]} 17. fxe5 {[%emt 0:00:04]} Qxe5 {[%emt 0:00:01]} 18. Qf3 {
[%emt 0:00:04]} Qe6 {[%emt 0:00:05]} 19. Qxb7 {[%emt 0:00:10]} Qb6+ {[%emt 0:
00:05]} 20. Qxb6 {[%emt 0:00:01]} axb6 {[%emt 0:00:00]} 21. a4 {[%emt 0:00:05]}
Rad8 {[%emt 0:00:02]} 22. Rf2 {[%emt 0:00:07]} Re7 {[%emt 0:00:02]} 23. h3 {
[%emt 0:00:02]} Red7 {[%emt 0:00:01]} 24. Ne4 {[%emt 0:00:03]} Rd1+ {[%emt 0:
00:02]} 25. Rxd1 {[%emt 0:00:03]} Rxd1+ {[%emt 0:00:00]} 26. Rf1 {[%emt 0:00:
01]} Rxf1+ {[%emt 0:00:04]} 27. Kxf1 {[%emt 0:00:01]} Kg7 {[%emt 0:00:04]} 28.
b4 {[%emt 0:00:03]} f5 {[%emt 0:00:01]} 29. a5 {[%emt 0:00:01]} fxe4 {[%emt 0:
00:04]} 30. a6 {[%emt 0:00:03]} Kf6 {[%emt 0:00:04]} 31. a7 {[%emt 0:00:01]} c5
{[%emt 0:00:01]} 32. bxc5 {[%emt 0:00:02]} bxc5 {[%emt 0:00:00]} 33. a8=Q {
[%emt 0:00:02]} Ke5 {[%emt 0:00:01]} 34. Ke2 {[%emt 0:00:02]} Kf4 {[%emt 0:00:
02]} 35. Qb8+ {[%emt 0:00:01]} Kg5 {[%emt 0:00:03]} 36. Ke3 {[%emt 0:00:01]}
Kh5 {[%emt 0:00:02]} 37. Qe8 {[%emt 0:00:04]} c4 {[%emt 0:00:07]} 38. g3 {
[%emt 0:00:07]} Kg5 {[%emt 0:00:03]} 39. Qe5# {[%emt 0:00:01]} 1-0

[Event "ESK-Schach Blitzturnier"]
[Site "T#645833ESK-Schach"]
[Date "2020.05.08"]
[Round "7"]
[White "Joachim Brüggemann"]
[Black "Rentier"]
[Result "1-0"]
[WhiteElo "1843"]
[BlackElo "1851"]
[PlyCount "81"]
[EventDate "2020.05.08"]
[EventType "tourn (blitz)"]

1. e4 {[%emt 0:00:03]} e6 {[%emt 0:00:05]} 2. d3 {[%emt 0:00:02]} c5 {[%emt 0:
00:02]} 3. Nf3 {[%emt 0:00:03]} Nc6 {[%emt 0:00:02]} 4. g3 {[%emt 0:00:02]} g6
{[%emt 0:00:05]} 5. Bg2 {[%emt 0:00:02]} Bg7 {[%emt 0:00:01]} 6. O-O {[%emt 0:
00:01]} Nge7 {[%emt 0:00:02]} 7. Re1 {[%emt 0:00:01]} d6 {[%emt 0:00:08]} 8.
Nc3 {[%emt 0:00:03]} O-O {[%emt 0:00:03]} 9. Be3 {[%emt 0:00:03]} Rb8 {[%emt 0:
00:02]} 10. Qd2 {[%emt 0:00:03]} b5 {[%emt 0:00:10]} 11. Bh6 {[%emt 0:00:04]}
b4 {[%emt 0:00:05]} 12. Nd1 {[%emt 0:00:03]} a5 {[%emt 0:00:05]} 13. Bxg7 {
[%emt 0:00:02]} Kxg7 {[%emt 0:00:01]} 14. Ne3 {[%emt 0:00:02]} a4 {[%emt 0:00:
05]} 15. Ng4 {[%emt 0:00:07]} Ng8 {[%emt 0:00:07]} 16. e5 {[%emt 0:00:06]} Nxe5
{[%emt 0:00:06]} 17. Ngxe5 {[%emt 0:00:04]} dxe5 {[%emt 0:00:02]} 18. Rxe5 {
[%emt 0:00:03]} Qd6 {[%emt 0:00:28]} 19. Rae1 {[%emt 0:00:04]} Bb7 {[%emt 0:00:
19]} 20. h4 {[%emt 0:00:03]} Rbd8 {[%emt 0:00:14]} 21. b3 {[%emt 0:00:17]} axb3
{[%emt 0:00:07]} 22. axb3 {[%emt 0:00:02]} Nf6 {[%emt 0:00:16]} 23. Qg5 {[%emt
0:00:10]} h6 {[%emt 0:00:06]} 24. Qc1 {[%emt 0:00:05]} Bxf3 {[%emt 0:00:10]}
25. Bxf3 {[%emt 0:00:02]} Qd4 {[%emt 0:00:01]} 26. Qa1 {[%emt 0:00:10]} Rc8 {
[%emt 0:00:27]} 27. Qa7 {[%emt 0:00:15]} Kg8 {[%emt 0:00:07]} 28. Qe7 {[%emt 0:
00:09]} Qd8 {[%emt 0:00:06]} 29. Qxd8 {[%emt 0:00:07]} Rfxd8 {[%emt 0:00:02]}
30. Ra1 {[%emt 0:00:02]} Nd5 {[%emt 0:00:07]} 31. Bxd5 {[%emt 0:00:08]} exd5 {
[%emt 0:00:03]} 32. Ra7 {[%emt 0:00:02]} c4 {[%emt 0:00:07]} 33. Ree7 {[%emt 0:
00:12]} Rf8 {[%emt 0:00:02]} 34. dxc4 {[%emt 0:00:05]} dxc4 {[%emt 0:00:02]}
35. Rab7 {[%emt 0:00:01]} cxb3 {[%emt 0:00:03]} 36. cxb3 {[%emt 0:00:02]} Rb8 {
[%emt 0:00:05]} 37. Rxf7 {[%emt 0:00:05]} Rxb7 {[%emt 0:00:08]} 38. Rxb7 {
[%emt 0:00:02]} Rf3 {[%emt 0:00:04]} 39. Rxb4 {[%emt 0:00:02]} Kg7 {[%emt 0:00:
01]} 40. Kf1 {[%emt 0:00:03]} Kf6 {[%emt 0:00:02]} 41. Rf4+ {[%emt 0:00:03]}
1-0

[Event "ESK-Schach Blitzturnier"]
[Site "T#645833ESK-Schach"]
[Date "2020.05.08"]
[Round "7"]
[White "Petr Hába"]
[Black "Troyke"]
[Result "1-0"]
[WhiteElo "2413"]
[BlackElo "2173"]
[PlyCount "123"]
[EventDate "2020.05.08"]
[EventType "tourn (blitz)"]

1. e4 {[%emt 0:00:02]} c5 {[%emt 0:00:02]} 2. Nf3 {[%emt 0:00:01]} g6 {[%emt 0:
00:01]} 3. d4 {[%emt 0:00:02]} cxd4 {[%emt 0:00:00]} 4. Nxd4 {[%emt 0:00:00]}
Bg7 {[%emt 0:00:01]} 5. Nc3 {[%emt 0:00:01]} Nc6 {[%emt 0:00:01]} 6. Be3 {
[%emt 0:00:02]} Nf6 {[%emt 0:00:01]} 7. Bc4 {[%emt 0:00:03]} Qa5 {[%emt 0:00:
02]} 8. O-O {[%emt 0:00:03]} O-O {[%emt 0:00:01]} 9. Bb3 {[%emt 0:00:06]} d6 {
[%emt 0:00:01]} 10. h3 {[%emt 0:00:03]} Bd7 {[%emt 0:00:01]} 11. f4 {[%emt 0:
00:04]} Qh5 {[%emt 0:00:01]} 12. Nf3 {[%emt 0:00:05]} b5 {[%emt 0:00:02]} 13.
a3 {[%emt 0:00:02]} a5 {[%emt 0:00:01]} 14. Qd3 {[%emt 0:00:02]} a4 {[%emt 0:
00:01]} 15. Bd5 {[%emt 0:00:02]} e6 {[%emt 0:00:01]} 16. Bxc6 {[%emt 0:00:08]}
Bxc6 {[%emt 0:00:01]} 17. Nd4 {[%emt 0:00:04]} Bd7 {[%emt 0:00:15]} 18. f5 {
[%emt 0:00:03]} exf5 {[%emt 0:00:17]} 19. exf5 {[%emt 0:00:03]} Rfe8 {[%emt 0:
00:01]} 20. Rae1 {[%emt 0:00:10]} Rab8 {[%emt 0:00:12]} 21. Ncxb5 {[%emt 0:00:
25]} Nd5 {[%emt 0:00:18]} 22. Bc1 {[%emt 0:00:15]} Rxe1 {[%emt 0:00:10]} 23.
Rxe1 {[%emt 0:00:00]} Qh4 {[%emt 0:00:23]} 24. Re4 {[%emt 0:00:05]} Qf6 {[%emt
0:00:11]} 25. fxg6 {[%emt 0:00:19]} hxg6 {[%emt 0:00:02]} 26. c4 {[%emt 0:00:
23]} Ne7 {[%emt 0:00:11]} 27. Rf4 {[%emt 0:00:11]} Nf5 {[%emt 0:00:01]} 28.
Nxf5 {[%emt 0:00:04]} Bxf5 {[%emt 0:00:02]} 29. Qxd6 {[%emt 0:00:04]} Qxd6 {
[%emt 0:00:12]} 30. Nxd6 {[%emt 0:00:00]} Bxb2 {[%emt 0:00:02]} 31. Bxb2 {
[%emt 0:00:04]} Rxb2 {[%emt 0:00:01]} 32. Nxf5 {[%emt 0:00:01]} gxf5 {[%emt 0:
00:01]} 33. c5 {[%emt 0:00:12]} Rc2 {[%emt 0:00:08]} 34. Rxa4 {[%emt 0:00:01]}
Rxc5 {[%emt 0:00:01]} 35. Rf4 {[%emt 0:00:03]} Kg7 {[%emt 0:00:02]} 36. a4 {
[%emt 0:00:13]} Kg6 {[%emt 0:00:01]} 37. h4 {[%emt 0:00:01]} Rc2 {[%emt 0:00:
04]} 38. Kf1 {[%emt 0:00:04]} Ra2 {[%emt 0:00:04]} 39. g3 {[%emt 0:00:02]} Ra3
{[%emt 0:00:02]} 40. Kf2 {[%emt 0:00:02]} Ra2+ {[%emt 0:00:01]} 41. Kf1 {[%emt
0:00:16]} Ra1+ {[%emt 0:00:01]} 42. Ke2 {[%emt 0:00:01]} Ra3 {[%emt 0:00:01]}
43. g4 {[%emt 0:00:13]} fxg4 {[%emt 0:00:01]} 44. Rxg4+ {[%emt 0:00:00]} Kh5 {
[%emt 0:00:01]} 45. Rf4 {[%emt 0:00:02]} Kg6 {[%emt 0:00:11]} 46. Kd2 {[%emt 0:
00:01]} f5 {[%emt 0:00:01]} 47. Kc2 {[%emt 0:00:01]} Kf6 {[%emt 0:00:02]} 48.
Kb2 {[%emt 0:00:00]} Rg3 {[%emt 0:00:02]} 49. a5 {[%emt 0:00:02]} Rg2+ {[%emt
0:00:01]} 50. Kb3 {[%emt 0:00:02]} Rg3+ {[%emt 0:00:01]} 51. Kb4 {[%emt 0:00:
01]} Rg1 {[%emt 0:00:02]} 52. Kb5 {[%emt 0:00:01]} Ke5 {[%emt 0:00:04]} 53. Ra4
{[%emt 0:00:03]} f4 {[%emt 0:00:01]} 54. a6 {[%emt 0:00:03]} Rb1+ {[%emt 0:00:
01]} 55. Kc6 {[%emt 0:00:02]} Rc1+ {[%emt 0:00:01]} 56. Kb7 {[%emt 0:00:02]}
Rb1+ {[%emt 0:00:01]} 57. Kc6 {[%emt 0:00:02]} Rc1+ {[%emt 0:00:01]} 58. Kd7 {
[%emt 0:00:04]} Rd1+ {[%emt 0:00:03]} 59. Ke7 {[%emt 0:00:01]} f3 {[%emt 0:00:
03]} 60. a7 {[%emt 0:00:01]} f2 {[%emt 0:00:02]} 61. a8=Q {[%emt 0:00:01]} f1=Q
{[%emt 0:00:01]} 62. Qe4# {[%emt 0:00:01]} 1-0

[Event "ESK-Schach Blitzturnier"]
[Site "T#645833ESK-Schach"]
[Date "2020.05.08"]
[Round "7"]
[White "PinkyDonut"]
[Black "Voekler"]
[Result "0-1"]
[WhiteElo "1593"]
[BlackElo "1883"]
[PlyCount "72"]
[EventDate "2020.05.08"]
[EventType "tourn (blitz)"]

1. e4 {[%emt 0:00:05]} c5 {[%emt 0:00:02]} 2. Nf3 {[%emt 0:00:01]} d6 {[%emt 0:
00:01]} 3. d4 {[%emt 0:00:02]} cxd4 {[%emt 0:00:01]} 4. Nxd4 {[%emt 0:00:01]}
Nf6 {[%emt 0:00:01]} 5. Nc3 {[%emt 0:00:02]} a6 {[%emt 0:00:01]} 6. f3 {[%emt
0:00:03]} e5 {[%emt 0:00:02]} 7. Nb3 {[%emt 0:00:01]} Be7 {[%emt 0:00:03]} 8.
Be3 {[%emt 0:00:01]} Be6 {[%emt 0:00:04]} 9. Qd2 {[%emt 0:00:05]} O-O {[%emt 0:
00:01]} 10. O-O-O {[%emt 0:00:02]} Nbd7 {[%emt 0:00:04]} 11. g4 {[%emt 0:00:03]
} b5 {[%emt 0:00:07]} 12. Kb1 {[%emt 0:00:10]} Qc7 {[%emt 0:00:14]} 13. h4 {
[%emt 0:00:22]} b4 {[%emt 0:00:13]} 14. Nd5 {[%emt 0:00:04]} Bxd5 {[%emt 0:00:
01]} 15. exd5 {[%emt 0:00:03]} Nb6 {[%emt 0:00:01]} 16. Bxb6 {[%emt 0:00:06]}
Qxb6 {[%emt 0:00:02]} 17. h5 {[%emt 0:00:16]} a5 {[%emt 0:00:03]} 18. g5 {
[%emt 0:00:05]} Nd7 {[%emt 0:00:02]} 19. g6 {[%emt 0:00:06]} h6 {[%emt 0:00:05]
} 20. gxf7+ {[%emt 0:00:05]} Rxf7 {[%emt 0:00:04]} 21. Bh3 {[%emt 0:00:04]} Bg5
{[%emt 0:00:05]} 22. Qd3 {[%emt 0:00:20]} a4 {[%emt 0:00:27]} 23. Be6 {[%emt 0:
00:14]} axb3 {[%emt 0:00:10]} 24. Bxf7+ {[%emt 0:00:01]} Kxf7 {[%emt 0:00:02]}
25. Qg6+ {[%emt 0:00:03]} Kf8 {[%emt 0:00:17]} 26. f4 {[%emt 0:00:52]} bxa2+ {
[%emt 0:00:33]} 27. Ka1 {[%emt 0:00:04]} exf4 {[%emt 0:00:01]} 28. Rde1 {[%emt
0:00:15]} Nf6 {[%emt 0:00:04]} 29. Re6 {[%emt 0:00:31]} f3 {[%emt 0:00:14]} 30.
Qf5 {[%emt 0:00:26]} f2 {[%emt 0:00:10]} 31. Rf1 {[%emt 0:00:04]} b3 {[%emt 0:
00:02]} 32. Rxf2 {[%emt 0:00:09]} bxc2 {[%emt 0:00:10]} 33. Qxc2 {[%emt 0:00:
04]} Qc5 {[%emt 0:00:18]} 34. Qxc5 {[%emt 0:00:06]} dxc5 {[%emt 0:00:02]} 35.
d6 {[%emt 0:00:01]} Kg8 {[%emt 0:00:14]} 36. Re5 {[%emt 0:00:04]} Rd8 {[%emt 0:
00:07] TimeW} 0-1